THE TRICHOTOMY OF POWER QAZILBASH A (Record no. 351281)

000 -LEADER
fixed length control field 00577nam a22001937a 4500
003 - CONTROL NUMBER IDENTIFIER
control field OSt
005 - DATE AND TIME OF LATEST TRANSACTION
control field 20180116183042.0
008 - FIXED-LENGTH DATA ELEMENTS--GENERAL INFORMATION
fixed length control field 160223b xxu||||| |||| 00| 0 eng d
020 ## - INTERNATIONAL STANDARD BOOK NUMBER
International Standard Book Number 10-1009-2014-2
024 ## - OTHER STANDARD IDENTIFIER
Source of number or code 10-1009-2014-2
040 ## - CATALOGING SOURCE
Transcribing agency Lahore University of Management Sciences
082 ## - DEWEY DECIMAL CLASSIFICATION NUMBER
Classification number 174.4 LUM 2014
100 ## - MAIN ENTRY--PERSONAL NAME
Personal name QAZILBASH A
245 ## - TITLE STATEMENT
Title THE TRICHOTOMY OF POWER QAZILBASH A
Statement of responsibility, etc. QAZILBASH A
260 ## - PUBLICATION, DISTRIBUTION, ETC.
Place of publication, distribution, etc. Lahore
Name of publisher, distributor, etc. Lahore University of Management Sciences
Date of publication, distribution, etc. 2014
300 ## - PHYSICAL DESCRIPTION
Extent 30 p.
Other physical details Papers
440 ## - SERIES STATEMENT/ADDED ENTRY--TITLE
Title THE TRICHOTOMY OF POWER QAZILBASH A
942 ## - ADDED ENTRY ELEMENTS (KOHA)
Source of classification or shelving scheme
Koha item type Case Studies
Holdings
Withdrawn status Lost status Source of classification or shelving scheme Damaged status Not for loan Collection code Permanent Location Current Location Shelving location Date acquired Total Checkouts Full call number Barcode Date last seen Date last checked out Price effective from Koha item type
            Central Library (CL) Central Library (CL) Reference 02/23/2016 1 174.4 LUM 2014 NBS10046 04/04/2016 02/25/2016 02/23/2016 Case Studies
© 2023 Central Library, National University of Sciences and Technology. All Rights Reserved.